00468nam a22001692 4500001001100000005001700011008004100028020001700069040001500086245005300101250001300154260003100167300001900198650004700217700003100264852000300295000002366720151217152246.0130315s xx 000 0 eng d a0199299423 : aKABUcKABU10aUrological surgery /cJohn Reynard ... [et al.]. a1st ed. aOxford :bO. U. P.,c2008. axxiii, 835 p. 0aGenitourinary organsxSurgery.@00001832721 aReynard, John.@00001832731